Procedimiento Tributario (Registro nro. 836)
[ vista simple ]
| 000 -LEADER | |
|---|---|
| fixed length control field | 01576 a2200241 4500 |
| 001 - CONTROL NUMBER | |
| control field | 21661 |
| 005 - DATE AND TIME OF LATEST TRANSACTION | |
| control field | 20260407155507.0 |
| 008 - FIXED-LENGTH DATA ELEMENTS--GENERAL INFORMATION | |
| fixed length control field | 260407a2004 arg spa d |
| 003 - CONTROL NUMBER IDENTIFIER | |
| control field | AR-UNSa-BCEJYS |
| 040 ## - CATALOGING SOURCE | |
| Original cataloging agency | AR-UNSa-BCEJYS |
| Language of cataloging | spa |
| Transcribing agency | AR-UNSa-BCEJYS |
| 080 ## - UNIVERSAL DECIMAL CLASSIFICATION NUMBER | |
| Universal Decimal Classification number | 336.225 |
| Common auxiliary subdivision | Método de tributación y administración de impuestos |
| 020 ## - INTERNATIONAL STANDARD BOOK NUMBER | |
| International Standard Book Number | 987-03-0303-X |
| 100 1# - MAIN ENTRY--PERSONAL NAME | |
| Personal name | Folco, Carlos Maria |
| 245 10 - TITLE STATEMENT | |
| Title | Procedimiento Tributario |
| Name of part/section of a work | ley 11.683,dcto.618/97 |
| 250 ## - EDITION STATEMENT | |
| Edition statement | 2a. ed. |
| 264 #1 - PRODUCTION, PUBLICATION, DISTRIBUTION, MANUFACTURE, AND COPYRIGHT NOTICE | |
| Place of production, publication, distribution, manufacture | Buenos Aires : |
| Name of producer, publisher, distributor, manufacturer | La Ley |
| Date of production, publication, distribution, manufacture, or copyright notice | 2004 |
| 300 ## - PHYSICAL DESCRIPTION | |
| Extent | lxxxi, 716 p. |
| Dimensions | 24 cm. |
| 505 ## - FORMATTED CONTENTS NOTE | |
| Formatted contents note | 1ºParte :1. Disposiciones generales - 2. Sujeto de los deberes impositivos - 3. Determinación y percepción de impuestos - 4. Del pago - 5. Verificación y fiscalización - 6. Intereses, ilícitos y sanciones - 7. Responsabilidades de las sanciones - 8. De la prescripción - 9. Procedimiento penal y contencioso administrativo - 10. Procedimiento contencioso judicial - 11. Juicio de ejecución fiscal - 12. Disposiciones varias - 13. Régimen especial de fiscalización - 14. Cuenta de jerarquización - 15. Régimen de actualización - 2º Parte: 1. De la organización y competencia de los tribunales fiscales y actuación ante ellos - 2. De las acciones y recursos - 3. De la sentencia del tribunal - 4. Disposiciones generales - 3º Parte : Otras disposiciones. |
| 590 ## - LOCAL NOTE (RLIN) | |
| Local note | niveau_biblio:m niveau_hierar:0 |
| 700 1# - ADDED ENTRY--PERSONAL NAME | |
| Personal name | Gómez, Teresa |
| 856 41 - ELECTRONIC LOCATION AND ACCESS | |
| Uniform Resource Identifier | <a href="https://biblioeco.unsa.edu.ar/pmb/images/libros/Procedimiento Tributario(Teresa G?mez).jpg">https://biblioeco.unsa.edu.ar/pmb/images/libros/Procedimiento Tributario(Teresa G?mez).jpg</a> |
| Link text | Imagen de portada |
| Electronic format type | image/jpeg |
| 942 ## - ADDED ENTRY ELEMENTS (KOHA) | |
| Koha item type | |
| Withdrawn status | Lost status | Damaged status | Not for loan | Home library | Current library | Shelving location | Date acquired | Total checkouts | Full call number | Barcode | Date last seen | Price effective from | Koha item type |
|---|---|---|---|---|---|---|---|---|---|---|---|---|---|
| Biblioteca Prof. Eusebio Cleto del Rey | Biblioteca Prof. Eusebio Cleto del Rey | 07/04/2026 | P336.225 G633 2ed. | L119520 | 07/04/2026 | 07/04/2026 | Libro |